Statistiques concernant Culture Générale - Série 2109

Cliquez ici pour prendre le quiz!

Statistiques générales

  • Ce quiz a été pris 57 fois
  • Le résultat moyen est 5 sur 10

Statistiques - réponses

Question Réponse % Correct
De quel pays Tallinn est-elle la capitale ?Estonie
88%
Quel département français porte le numéro 32 ?Gers
73%
Près de quelle île le Fort Boyard de l'émission qui porte le même nom est-il le plus proche ?Oléron
67%
Que trouve-t-on sur le logo de la CIA ?aigle
56%
Comment appelle-t-on une région où les champs sont entourés de haies et de talus ?bocage
54%
Quel est le prénom et nom du meilleur ami d'Harry Potter ?Ron Weasley
42%
Quel acteur de la série "Camping paradis" a été découvert dans le programme de téléréalité "Mon incroyable fiancé" en 2005 ? prénom et nom - voir photoLaurent Ournac
40%
Comment s'appelle la doctrine ou attitude fondée sur la négation de toutes valeurs,croyances ou réalités ?nihilisme
37%
De quelle maladie souffrait Guy de Maupassant et qui a entraîné sa mort à 43 ans ?syphilis
35%
Quelle espèce d'insecte est l'éristale ?mouche
31%

Distribution des résultats

Percentile by Number Answered

% des personnes avec chaque résultat

Votre développement - résultats

Vous n’avez pas pris ce quiz